Úspěšný návrh výzkumu

Salvato in:
Dettagli Bibliografici
Autore principale: Punch, Keith F.
Altri autori: Hendl, Jan
Natura: Libro
Lingua:ceco
Pubblicazione: Praha Portál 2015
Edizione:2. vyd.
Soggetti:
Tags: Aggiungi Tag
Nessun Tag, puoi essere il primo ad aggiungerne!!

MARC

LEADER 00000nam a2200000 4500
001 0225225
005 20230109073204.8
020 |a 978-80-262-0980-5 
041 0 |a cze 
044 |a CZ 
245 1 0 |a Úspěšný návrh výzkumu  |c Keith F. Punch ; překlad: Jan Hendl 
250 |a 2. vyd. 
264 1 |a Praha  |b Portál  |c 2015 
300 |a 230 s. 
610 2 0 |a výskum 
610 2 0 |a pojmy 
610 2 0 |a modely výskumu operačného 
610 2 0 |a literatúra 
610 2 0 |a pojmy 
610 2 0 |a plán 
610 2 0 |a dáta 
610 2 0 |a metodológia 
610 2 0 |a smernice 
610 2 0 |a vzdelávanie 
610 2 0 |a projekty 
610 2 0 |a intervencie 
100 1 |a Punch, Keith F. 
700 1 |a Hendl, Jan